000
00324nam a2200109Ia 4500
008
200302s9999 xx 000 0 und d
100
_a
Charlotte Klonk
245
_a
New laboratories Historical and critical perspectives on contemporary developments
260
_b
Waltr De Gruyter Gmbh Berlin
260
_c
2016
300
_a
197
999
_c
6212
_d
6212